000 00570nam a2200169Ia 4500
005 20250923144825.0
008 008 250917s9999 xx 000 0 eng d
037 _aTextual
040 _aDSWL
_beng
_cDSWL
041 _aeng
_2eng
084 _aY:45:62.23671'N61t4, N62
_qDSWL
100 _aChander, Harish
_9828800
245 4 _aThe study of 50 convicts of District Jail Amritsar
_cby Harish Chander
260 _aDelhi
_bDelhi School Of Social Work
_c1962
942 _cTEXL
_hY:45:62.23671'N61t4, N62
999 _c1443813
_d1443813